Communications in the twenty-first century / (Record no. 185897)
[ view plain ]
| 000 -LEADER | |
|---|---|
| fixed length control field | 01247 a2200265 4500 |
| 003 - CONTROL NUMBER IDENTIFIER | |
| control field | Nust |
| 005 - DATE AND TIME OF LATEST TRANSACTION | |
| control field | 20230124093920.0 |
| 010 ## - LIBRARY OF CONGRESS CONTROL NUMBER | |
| LC control number | 81014797 |
| 020 ## - INTERNATIONAL STANDARD BOOK NUMBER | |
| International Standard Book Number | 0471099104 |
| 040 ## - CATALOGING SOURCE | |
| Transcribing agency | Nust |
| 082 00 - DEWEY DECIMAL CLASSIFICATION NUMBER | |
| Classification number | 384,COM |
| 245 00 - TITLE STATEMENT | |
| Title | Communications in the twenty-first century / |
| Statement of responsibility, etc. | edited by Robert W. Haigh, George Gerbner, Richard B. Byrne. |
| 260 ## - PUBLICATION, DISTRIBUTION, ETC. | |
| Place of publication, distribution, etc. | New York : |
| Name of publisher, distributor, etc. | Wiley, |
| Date of publication, distribution, etc. | c1981. |
| 300 ## - PHYSICAL DESCRIPTION | |
| Extent | xviii, 240 p. : |
| Other physical details | ill. ; |
| Dimensions | 24 cm. |
| 505 ## - FORMATTED CONTENTS NOTE | |
| Formatted contents note | Section one -Politics and Public Policy (Page-11), Section Two- The Writing on the Wall (Page-18), section Three- Interaction ; The Heart of the Matter (Page-69), Section Four- Strategies for management (Page-103), Section Five – International perspective (Page-155). |
| 650 #0 - SUBJECT ADDED ENTRY--TOPICAL TERM | |
| Topical term or geographic name entry element | Communication |
| General subdivision | Congresses. |
| 9 (RLIN) | 107494 |
| 650 #0 - SUBJECT ADDED ENTRY--TOPICAL TERM | |
| Topical term or geographic name entry element | Telecommunication |
| General subdivision | Congresses. |
| 9 (RLIN) | 107495 |
| 700 1# - ADDED ENTRY--PERSONAL NAME | |
| Personal name | Byrne, Richard B. |
| 9 (RLIN) | 107496 |
| 700 1# - ADDED ENTRY--PERSONAL NAME | |
| Personal name | Gerbner, George. |
| 9 (RLIN) | 107497 |
| 700 1# - ADDED ENTRY--PERSONAL NAME | |
| Personal name | Haigh, Robert William, |
| Dates associated with a name | 1926- |
| 9 (RLIN) | 107498 |
| 710 2# - ADDED ENTRY--CORPORATE NAME | |
| Corporate name or jurisdiction name as entry element | Annenberg School of Communications (University of Pennsylvania) |
| 9 (RLIN) | 107499 |
| 710 2# - ADDED ENTRY--CORPORATE NAME | |
| Corporate name or jurisdiction name as entry element | Annenberg School of Communications (University of Southern California) |
| 9 (RLIN) | 107500 |
| 710 2# - ADDED ENTRY--CORPORATE NAME | |
| Corporate name or jurisdiction name as entry element | Colgate Darden Graduate School of Business Administration. |
| 9 (RLIN) | 107501 |
| 942 ## - ADDED ENTRY ELEMENTS (KOHA) | |
| Source of classification or shelving scheme | |
| Koha item type | Book |
| Call number prefix | 384,COM |
| Withdrawn status | Lost status | Source of classification or shelving scheme | Damaged status | Not for loan | Permanent Location | Current Location | Shelving location | Date acquired | Full call number | Barcode | Date last seen | Price effective from | Koha item type | Public note |
|---|---|---|---|---|---|---|---|---|---|---|---|---|---|---|
| Military College of Signals (MCS) | Military College of Signals (MCS) | General Stacks | 12/12/2016 | 384,COM | MCS3330 | 12/08/2016 | 12/12/2016 | Book | Almirah No.54, Shelf No.4 |
